| 000 | 00839cem a22002295a 4500 | ||
|---|---|---|---|
| 001 | L140382 | ||
| 008 | 070920r19831694xxk a 0 f eng u | ||
| 035 | _a(Sirsi) u140382 | ||
| 041 | 0 | _aeng | |
| 110 | 2 |
_aLondon Topographical Society _9106 |
|
| 245 | 0 | 2 |
_aA Survey of Hatton Garden by Abraham Arlidge 1694 _h[cartographical materials] |
| 250 | _aFacsim. | ||
| 255 | _aScale 1:600 | ||
| 260 |
_aLondon _bLondon Topographical Society _c1983 |
||
| 300 |
_a1 map _bcol. _c79 x 66 cm. + _e1 sheet (27 cm.) |
||
| 500 | _aA facsimile of the original map by Abraham Arlidge dating from 1694. | ||
| 500 | _aMap is accompanied by a sheet of explanatory notes by P. S. Hunting. | ||
| 651 | 4 | _aLondon | |
| 690 | _aENVIRONMENTAL AND LAND CONSULTANCY-GEOMATICS-MAPPING AND POSITIONING-CARTOGRAPHY | ||
| 700 | 1 | _aArlidge, Abraham | |
| 942 | _n0 | ||
| 999 |
_c116858 _d116858 |
||